00941nam a22002297a 4500003000200000005001700002008004100019050002700060100001700087245005000104260009000154300003700244504004100281650005700322650005600379650002700435650002800462650002900490942001400519999001900533952015900552020250129103302.0150923b xxu||||| |||| 00| 0 eng d aPGS LB 1049b.K49 2015 aKim, Min Ju. aSocial media and study habits / cMin Ju Kim. aLas Piñas City, Philippines :bSouthville International School and Colleges,c2015. a20 p. : bill. ;c28 cm. fPASS  aIncludes bibliographical references. 2Library of Congress Subject HeadingsaSocial media.  2Library of Congress Subject HeadingsaStudy habits. aInternet and children. aEducational psychology. aSixth grade (Education). 2lcccPASS c288725d288725 00102lcc4071aLUXbLUXcPASSd2015-09-23eDONATIONl0oPGS LB 1049 .K49 2015pP3429r2015-09-23 00:00:00w2015-09-23yPASSzBe Amazing, Be Southville!